Quizzes
Events
Quiz Creation
Community
Videos
Private Events
Remove Ads
Sign In
Join for FREE
Feedback
Dark Mode
Quiz Categories
Sports
Geography
Music
Movies
Television
Just For Fun
Miscellaneous
History
Literature
Language
Science
Gaming
Entertainment
Religion
Holiday
For Kids
Quiz Lab
Recent
Popular Today
Quiz Kudos Today
Editor Picks
Curator Picks
Quizzes by...
Day
Popularity
Type
Ratings
Length
Year
Community
Subscriptions
Recent Discussions
Orange Saloon
Badges
Playlists
Quests
Create
Leaderboards
Showdown
Live 5
Trivia Bingo
Activity
Puzzle Library
Sporcle Events
Private Events
Virtual Trivia
Globe League
Become a Host
Pub Owners
SporcleCon
Opinionation
Our Games
Videos
Blog
Mobile Apps
Partnerships
Remove Ads and Go Orange
Feedback
Literature
Harry Potter
A Song of Ice and Fire
The Hunger Games
Literary Character
Shakespeare
Book
Author
Novel
Poem
Young Adult
Children's Books
Play
Lord of the Rings
Literature
Harry Potter
A Song of Ice and Fire
The Hunger Games
Literary Character
Shakespeare
Book
Author
Novel
Poem
Young Adult
Children's Books
Play
Lord of the Rings
Random Quiz
Search Sporcle
×
Quiz Lab
Quiz Lab
Literature
Children's Books
Type in answers that appear in a list
Type in answers that appear in a list
Classic
Best Score? Go Orange.
Lloyd Alexander Books Stats
Can you name the books written by Lloyd Alexander?
By
Eilonwy
7m
31 Questions
31 Plays
31 Plays
31 Plays
Comments
Comments
Give Quiz Kudos
Give Quiz Kudos
-
- Ratings
hide this ad
Replay
Link that replays current quiz
Next Quiz
Link to next quiz in quiz playlist
You Got
0%
They Got
Avg Score
33%
Avg Friend Score
Upgrade to see
Score Distribution
Jump to the score distribution portion of the page
Score
0/31
Timer
07:00
0
Plays Today
Year
Title
% Correct
1965
The Black Cauldron
100%
1967
Taran Wanderer
93.5%
1966
The Castle of Llyr
80.6%
1964
The Book of Three
80.6%
1968
The High King
74.2%
1982
The Kestrel
58.1%
1984
The Beggar Queen
51.6%
1981
Westmark
48.4%
1986
The Illyrian Adventure
38.7%
1997
The Iron Ring
38.7%
1990
The Philadelphia Adventure
35.5%
1975
The Wizard in the Tree
32.3%
1973
The Foundling and Other Tales
32.3%
1995
The Arkadians
32.3%
1973
The Cat Who Wished to Be a Man
29%
1991
The Remarkable Journey of Prince Jen
29%
Year
Title
% Correct
1987
The El Dorado Adventure
22.6%
1978
The First Two Lives of Lukas-Kasha
16.1%
1999
Gypsy Rizka
16.1%
1970
The Marvelous Misadventures of Sebastian
16.1%
2001
The Gawgon and the Boy
16.1%
2007
The Golden Dream of Carlo Chuchio
16.1%
2002
The Rope Trick
12.9%
1988
The Drakenberg Adventure
12.9%
1977
The Town Cats and Other Tales
9.7%
1992
The Fortune-Tellers
9.7%
1972
The Four Donkeys
6.5%
1971
The King's Fountain
6.5%
2005
Dream-of-Jade
6.5%
1963
Time Cat: The Remarkable Journey
6.5%
1989
The Jereda Adventure
3.2%
Quiz Playlist
Details
Report
Send in Message
Add To Playlist
Classic:
Type in answers that appear in a list
Last Updated: Feb 16, 2017
Quiz Scoreboard
CHALLENGE
Sign Up to Join the Scoreboard
Show All
Scores
Hide
Comments
May contain spoilers
Recently Published
Presidents Visiting Landmarks
by Hejman
History
7m
An Introduction to Baseball
by treessimontrees
Sports
5m
Movies - When Are They Set?
by FPL_Elf
Movies
5m
More to Explore
Quiz From the Vault
Featured Blog Post
Where Did the Easter Bunny Come From?
hide this ad
You Might Also Like...
Tags
Book Quiz
Children's Books Quiz
Young Adult Quiz
Alexander
Fantasy
Lloyd
Prydain
Written
Today's Top Quizzes in Literature
Browse Literature
hide this ad
Today's Top Quizzes in Children's Books
Browse Children's Books
Top Contributed Quizzes in Literature
1
Sneaky Slytherin Logic Puzzle
2
Get The Picture: Black or White Literature
3
A Court of Thorns and Roses (ACoTaR) Logic Puzzle
4
One Thing in Common: Literature
5
5-to-1: Plays
6
Harry Potter Neighbourly Logic Puzzle #5
7
One Thing in Common: Literature 3
8
One Thing in Common: Literature II
9
One Thing in Common: Books
10
Harry Potter Neighbourly Logic Puzzle #3
Explore More
Trending Topics
Anime
Marvel
NBA
Crossword
Kpop
Harry Potter
Disney
Pokémon
Country
NFL
WWE
Soccer
The Office
Puzzle
Song
hide this ad
More By:
Eilonwy
Quiz
Plays
Rating
Category
Featured
Created
Lord of the Rings monopoly
142
4.00
Miscellaneous
May 1, 2014
Lloyd Alexander Books
31
5.00
Literature
Jun 3, 2015
10-letter I words
25
3.00
Miscellaneous
Apr 29, 2014
Go to Creator's Profile
Score Distribution
Quiz Creator Spotlight
Eilonwy
Follow
Send a Message
Quizzes Created
-
Created Quiz Play Count
-
More By This Creator
Popular Quizzes Today
1
Find the US States - No Outlines Minefield
2
Find the Countries of Europe - No Outlines Minefield
3
The Countries of the World
4
Find the US States
5
Popular People in 1961
6
US States
7
Risky Map Clicking: Biggest States A-Z
8
1-10 Letter E Words III
More Literature Quizzes
Writing Like the Greats
Curator's Pick
Trending Quizzes
Risky Map Clicking: Least Populous States A-Z
1-10 Letter G Words
1-10 Letter F Words
One Thing in Common: United Kingdom
Risky Map Clicking: Next State Alphabetically
Recently Updated
Leaping Animals
pecheneg
Reality TV Shows (A-Z)
bhenderson79
Rickey Henderson's Hall of Fame Teammates
pecheneg
Champions League XIs: Arsenal
pecheneg
Quick Pick: Celebrities in WWE's Hall of Fame
aduchscher
A-Z Keypad Blitz II
pecheneg
Multiple Oscar Actors
pecheneg
Mystery Phrase Blitz: Oscar 'Best Actors'
pecheneg
F. Scott Fitzgerald Novels
LTH
Pick 3 Villains
ddd62291
Trending Topics
Disney
Anime
Crossword
Marvel
Kpop
Harry Potter
NBA
The Office
Soccer
NFL
WWE
Country
Puzzle
Pokémon
Song
Your Account Isn't Verified!
In order to create a playlist on Sporcle, you need to verify the email address you used during registration. Go to your
Sporcle Settings
to finish the process.
Report this User
Report this user for behavior that violates our
Community Guidelines
.
Details:
Send Report
Go to the Sporcle.com Mobile Site →
Comments